| 000 | 00502nam a2200181Ia 4500 | ||
|---|---|---|---|
| 999 |
_c14874 _d14874 |
||
| 003 | OSt | ||
| 005 | 20201016121756.0 | ||
| 008 | 190216s9999||||xx |||||||||||||| ||und|| | ||
| 020 | _a9788184000566 | ||
| 040 | _coclc | ||
| 082 |
_a823.914 _bDES/C |
||
| 100 |
_aDesai, Anita _94775 |
||
| 245 | 0 |
_aCollected Stories / _cAnita Desai |
|
| 260 |
_bRandom House India , _c2015. _aHaryana: |
||
| 300 | _a334p | ||
| 650 | _aEnglish | ||
| 942 |
_cBK _2ddc _h823.914 _iDES/C _k823.914 _mDES/C |
||